| 000 | 00820njm a22002297a 4500 | ||
|---|---|---|---|
| 005 | 20100903115814.0 | ||
| 007 | sd ammalaaahaa | ||
| 008 | 100903t xxu||||| |||| 00| 0 eng d | ||
| 028 |
_aFB. 45004 _bColumbia |
||
| 035 | _aGR-443 | ||
| 040 | _aSED/VEN | ||
| 100 |
_aMccarthy, Pamela _918072 |
||
| 245 |
_aThe gal with the yaller shoes part 1 / _cby Pamela Mccarthy _h[sound recording] : |
||
| 246 | _aThe gal with yaller shoes (pamela mccarthy) | ||
| 260 |
_aDum Dum India _bColumbia |
||
| 300 |
_a1 sound disc [Gramophone record] : _banalog, 33 1/3 rpm _c10 in. _fGramophone record |
||
| 500 | _aBrief record | ||
| 505 | _aWhatever will be, will be (Pam Crain) | ||
| 650 |
_aOrchestra _xExcerpts _zIndia _918073 |
||
| 942 |
_2ddc _cGR |
||
| 999 |
_c43535 _d43535 |
||